[Event "Olympiad-41"]
[Site "Tromsoe"]
[Date "2014.08.14"]
[Round "11.2"]
[White "Valdes Romero, Leonardo"]
[Black "Mirza, Shahzad"]
[Result "1-0"]
[WhiteElo "2406"]
[BlackElo "2268"]
[PlyCount "160"]
[EventDate "2014.08.02"]
[EventType "team-swiss"]
[EventRounds "11"]
[EventCountry "NOR"]
[SourceTitle "CBM 162"]
[Source "ChessBase"]
[SourceDate "2014.09.17"]
[SourceVersion "1"]
[SourceVersionDate "2014.09.17"]
[SourceQuality "1"]
[WhiteTeam "Costa Rica"]
[BlackTeam "Pakistan"]
[WhiteTeamCountry "CRI"]
[BlackTeamCountry "PAK"]

1. Nf3 b6 2. g3 Bb7 3. Bg2 g6 4. c4 c5 5. 0-0 Bg7 6. Nc3 Nc6 7. e3 Nf6 8. d4 cxd4 9. exd4 0-0 10. Ne5 Qc8 11. b3 Nxe5 12. dxe5 Ne8 13. Nd5 Bxd5 14. Bxd5 Rb8 15. Ba3 Qd8 16. Re1 d6 17. exd6 Nxd6 18. Rc1 Bf6 19. Qf3 Qd7 20. Rcd1 Kg7 21. g4 Qc7 22. Qg3 Kg8 23. Rd3 Rbd8 24. Rf3 Rd7 25. g5 Bg7 26. Rxe7 Rxe7 27. Bxd6 Qd8 28. Bxe7 Qxe7 29. Re3 Qc5 30. Kg2 Bd4 31. Rf3 Qe7 32. Qh4 Bc5 33. Qg4 Kg7 34. Rf6 Qe5 35. h4 h6 36. Rf3 hxg5 37. hxg5 Be7 38. Rg3 a5 39. Qe4 Qxe4+ 40. Bxe4 Re8 41. Bc6 Rf8 42. Bd5 Bc5 43. Rg4 f6 44. gxf6+ Rxf6 45. f3 Bd6 46. Re4 g5 47. Be6 Rf4 48. Re2 Kf6 49. Bd5 Be5 50. Kf2 g4 51. Kg2 gxf3+ 52. Bxf3 Rh4 53. Kg1 Rf4 54. Bd5 Rd4 55. Kf2 Rh4 56. Ke3 Rh2 57. Bg2 Rh4 58. Kd3 Rf4 59. a3 Rg4 60. Bf3 Rf4 61. Bd5 Rg4 62. Rf2+ Rf4 63. Rg2 Bd6 64. Re2 Be5 65. Kc2 Rh4 66. Rf2+ Rf4 67. Rg2 Bd4 68. Kd3 Bc5 69. Re2 Rh4 70. b4 Rh3+ 71. Kc2 axb4 72. axb4 Be3 73. Kb3 b5 74. cxb5 Bc1+ 75. Kc4 Re3 76. Rc2 Re1 77. b6 Bf4 78. Rf2 Ke5 79. b7 Rc1+ 80. Kb5 Kd4 1-0

[Event "United Insurance 10th"]
[Site "Dhaka"]
[Date "2008.07.31"]
[Round "2"]
[White "Rahman, Ziaur"]
[Black "Mirza, Shahzad"]
[Result "1/2-1/2"]
[WhiteElo "2564"]
[BlackElo "2282"]
[PlyCount "118"]
[EventDate "2008.07.30"]
[EventType "swiss"]
[EventRounds "10"]
[EventCountry "BAN"]
[SourceTitle "CBM 125 Extra"]
[Source "ChessBase"]
[SourceDate "2008.09.01"]
[SourceVersion "1"]
[SourceVersionDate "2008.09.01"]
[SourceQuality "1"]

1. d4 Nf6 2. Bg5 d5 3. e3 g6 4. Bxf6 exf6 5. c4 c6 6. Nc3 Bb4 7. Qb3 Bxc3+ 8. bxc3 dxc4 9. Bxc4 0-0 10. Ne2 f5 11. a4 Nd7 12. 0-0 Nf6 13. Rad1 Qb6 14. Qa2 Qa5 15. Qb3 Rb8 16. Nf4 Ne4 17. Qb4 Qxb4 18. cxb4 Re8 19. Rfe1 Be6 20. Nxe6 fxe6 21. Bb3 Rbc8 22. Rc1 Kf7 23. f3 Nf6 24. Bc4 Nd5 25. b5 Nb6 26. Bf1 Nxa4 27. bxc6 bxc6 28. Ra1 Nb6 29. Rxa7+ Re7 30. Ra5 Rd7 31. Kf2 f4 32. exf4 Rxd4 33. Ra7+ Rd7 34. Rxd7+ Nxd7 35. Bc4 Nf8 36. g4 Kf6 37. Rb1 Rc7 38. Rb8 Ke7 39. h4 Rd7 40. Ke3 Rd6 41. Rc8 Nd7 42. Bd3 Nb6 43. Rh8 Nd5+ 44. Kf2 Nxf4 45. Rxh7+ Kf6 46. Be4 Ke5 47. h5 gxh5 48. gxh5 Rd2+ 49. Ke1 Rh2 50. h6 Nd5 51. Rh8 Nf6 52. Bxc6 Kf5 53. Be4+ Nxe4 54. fxe4+ Kxe4 55. h7 Ke3 56. Kf1 e5 57. Kg1 Rh6 58. Kg2 e4 59. Kg3 Ke2 1/2-1/2

[Event "United Insurance 10th"]
[Site "Dhaka"]
[Date "2008.07.30"]
[Round "1"]
[White "Mirza, Shahzad"]
[Black "Hasan Md, Emam"]
[Result "1-0"]
[WhiteElo "2282"]
[BlackElo "2161"]
[PlyCount "133"]
[EventDate "2008.07.30"]
[EventType "swiss"]
[EventRounds "10"]
[EventCountry "BAN"]
[SourceTitle "CBM 125 Extra"]
[Source "ChessBase"]
[SourceDate "2008.09.01"]
[SourceVersion "1"]
[SourceVersionDate "2008.09.01"]
[SourceQuality "1"]

1. d4 Nf6 2. c4 g6 3. f3 Bg7 4. e4 0-0 5. Be3 d6 6. Qd2 e5 7. Ne2 exd4 8. Nxd4 Nc6 9. Be2 Nd7 10. 0-0 Qf6 11. Rd1 Re8 12. Nc3 Nxd4 13. Bxd4 Qxd4+ 14. Qxd4 Bxd4+ 15. Rxd4 Nf6 16. Rc1 Be6 17. Nd5 Bxd5 18. cxd5 Re7 19. Rb4 b6 20. Ba6 Ne8 21. Kf2 Kf8 22. g4 Rb8 23. a4 h6 24. Rbc4 f6 25. Kg3 Kf7 26. R4c3 Kf8 27. b4 Kf7 28. Bb5 Rc8 29. a5 Kf8 30. axb6 axb6 31. Ra1 Kf7 32. Ra6 Rb8 33. Ra7 c5 34. Ra1 Ng7 35. Bc6 f5 36. exf5 gxf5 37. h3 h5 38. Rb3 cxb4 39. Rxb4 Kg6 40. Ra8 Rxa8 41. Bxa8 hxg4 42. hxg4 fxg4 43. fxg4 Re3+ 44. Kf4 Ra3 45. Bc6 Ra6 46. Bb7 Ra1 47. Rxb6 Ra4+ 48. Kf3 Kg5 49. Bc8 Ne8 50. Be6 Nf6 51. Rxd6 Nxg4 52. Bxg4 Rxg4 53. Ke3 Kf5 54. Re6 Ra4 55. Re8 Kf6 56. d6 Ra7 57. Kd4 Kf7 58. Re1 Ra4+ 59. Kc5 Ra5+ 60. Kb6 Ra2 61. d7 Rb2+ 62. Kc7 Rc2+ 63. Kd8 Rc3 64. Rf1+ Kg7 65. Rf5 Kg6 66. Rf4 Kg5 67. Rf1 1-0

[Event "Olympiad-36"]
[Site "Mallorca"]
[Date "2004.10.27"]
[Round "12"]
[White "Contreras, Henry"]
[Black "Mirza, Shahzad"]
[Result "1-0"]
[WhiteElo "2307"]
[BlackElo "2279"]
[PlyCount "67"]
[EventDate "2004.10.15"]
[EventType "team-swiss"]
[EventRounds "14"]
[EventCountry "ESP"]
[SourceTitle "CBM 104"]
[Source "ChessBase"]
[SourceDate "2005.01.27"]
[SourceVersion "1"]
[SourceVersionDate "2005.01.27"]
[SourceQuality "1"]
[WhiteTeam "Columbia"]
[BlackTeam "Pakistan"]
[WhiteTeamCountry "COL"]
[BlackTeamCountry "PAK"]

1. e4 c5 2. Nf3 Nc6 3. d4 cxd4 4. Nxd4 Nf6 5. Nc3 d6 6. Bg5 e6 7. Qd2 a6 8. 0-0-0 Bd7 9. f4 b5 10. Nxc6 Bxc6 11. Qe3 Be7 12. Bxf6 Bxf6 13. e5 Be7 14. exd6 Bxd6 15. Qd4 Bf8 16. Qe5 Qb8 17. Qd4 Qa7 18. Qe5 Qb8 19. Qd4 Qa7 20. Qd3 Be7 21. Be2 b4 22. Nb1 0-0 23. Bf3 Bb5 24. Qe4 Rac8 25. Nd2 Bc6 26. Qe2 Bb5 27. Qe4 Rc7 28. Kb1 Rfc8 29. Rc1 a5 30. h4 a4 31. f5 Qf2 32. fxe6 Qxd2 33. exf7+ Kf8 34. Qxh7 1-0

[Event "Olympiad-36"]
[Site "Mallorca"]
[Date "2004.10.22"]
[Round "7"]
[White "Muendle, Kurt"]
[Black "Mirza, Shahzad"]
[Result "0-1"]
[WhiteElo "2016"]
[BlackElo "2279"]
[PlyCount "78"]
[EventDate "2004.10.15"]
[EventType "team-swiss"]
[EventRounds "14"]
[EventCountry "ESP"]
[SourceTitle "CBM 104"]
[Source "ChessBase"]
[SourceDate "2005.01.27"]
[SourceVersion "1"]
[SourceVersionDate "2005.01.27"]
[SourceQuality "1"]
[WhiteTeam "Liechtenstein"]
[BlackTeam "Pakistan"]
[WhiteTeamCountry "LIE"]
[BlackTeamCountry "PAK"]

1. d4 d5 2. Nf3 c6 3. e3 Bf5 4. c4 e6 5. Qb3 Qb6 6. Nc3 Nd7 7. Be2 Ngf6 8. 0-0 Bd6 9. Qxb6 axb6 10. Nh4 Bc2 11. cxd5 exd5 12. Bd2 h6 13. Rfc1 Bh7 14. Nf3 0-0 15. Ne1 b5 16. Bd3 Ra7 17. Bxh7+ Kxh7 18. a3 Nb6 19. Nd3 Nc4 20. Be1 Ne4 21. Rc2 f5 22. Re2 Raa8 23. Nb1 Rfe8 24. Bb4 Bxb4 25. Nxb4 Na5 26. f3 Nb3 27. fxe4 Nxa1 28. Nd2 dxe4 29. Re1 c5 30. dxc5 Red8 31. Nxe4 fxe4 32. Rxa1 Rd2 33. Rb1 Rf8 34. c6 bxc6 35. Nxc6 Rff2 36. g4 Rg2+ 37. Kh1 Rxh2+ 38. Kg1 Rdg2+ 39. Kf1 Rg3 0-1

[Event "Olympiad-36"]
[Site "Mallorca"]
[Date "2004.10.20"]
[Round "6"]
[White "Mirza, Shahzad"]
[Black "Zullkafli, Zarul Shazwan"]
[Result "1/2-1/2"]
[WhiteElo "2279"]
[BlackElo "2020"]
[PlyCount "88"]
[EventDate "2004.10.15"]
[EventType "team-swiss"]
[EventRounds "14"]
[EventCountry "ESP"]
[SourceTitle "CBM 104"]
[Source "ChessBase"]
[SourceDate "2005.01.27"]
[SourceVersion "1"]
[SourceVersionDate "2005.01.27"]
[SourceQuality "1"]
[WhiteTeam "Pakistan"]
[BlackTeam "Malaysia"]
[WhiteTeamCountry "PAK"]
[BlackTeamCountry "MAS"]

1. d4 d5 2. c4 e6 3. Nc3 Nf6 4. Bg5 Nbd7 5. e3 c6 6. cxd5 exd5 7. Bd3 Be7 8. Qc2 0-0 9. Nf3 h6 10. Bh4 Re8 11. 0-0 Ne4 12. Bxe7 Qxe7 13. b4 Ng5 14. Nxg5 Qxg5 15. b5 Nb6 16. a4 Bd7 17. bxc6 Bxc6 18. Nb5 Bxb5 19. axb5 Rec8 20. Qe2 Qe7 21. Qf3 Rc3 22. Rfd1 Qb4 23. h4 Qd6 24. g3 Nc4 25. Rab1 Nb6 26. h5 Nd7 27. Qf5 Nf6 28. Rdc1 Qc7 29. Rxc3 Qxc3 30. g4 Qc8 31. Kg2 Qxf5 32. Bxf5 a5 33. bxa6 bxa6 34. Ra1 a5 35. f3 Kf8 36. e4 Ke7 37. e5 Ne8 38. Kf2 Nc7 39. Ke3 a4 40. Bd3 a3 41. f4 Ne6 42. f5 Nc7 43. Ra2 Ra4 44. Be2 Na6 1/2-1/2

[Event "Olympiad-36"]
[Site "Mallorca"]
[Date "2004.10.16"]
[Round "2"]
[White "Mirza, Shahzad"]
[Black "Merritt, Mario"]
[Result "1-0"]
[WhiteElo "2279"]
[BlackElo "2079"]
[PlyCount "49"]
[EventDate "2004.10.15"]
[EventType "team-swiss"]
[EventRounds "14"]
[EventCountry "ESP"]
[SourceTitle "CBM 104"]
[Source "ChessBase"]
[SourceDate "2005.01.27"]
[SourceVersion "1"]
[SourceVersionDate "2005.01.27"]
[SourceQuality "1"]
[WhiteTeam "Pakistan"]
[BlackTeam "Trinidad and Tobago"]
[WhiteTeamCountry "PAK"]
[BlackTeamCountry "TRI"]

1. d4 Nf6 2. c4 e6 3. Nc3 Bb4 4. Qc2 d5 5. cxd5 exd5 6. a3 Bxc3+ 7. bxc3 0-0 8. Bg5 Qd6 9. e3 Re8 10. Bd3 Nbd7 11. Ne2 c5 12. Bf4 Qe7 13. 0-0 Nf8 14. c4 cxd4 15. Nxd4 Ng6 16. Bg5 dxc4 17. Bxc4 h6 18. Bxh6 Ne4 19. f3 gxh6 20. Qxe4 Qxe4 21. fxe4 Ne5 22. Bd5 Kg7 23. Rac1 Re7 24. Rc3 Be6 25. Rfc1 1-0

[Event "Asia Cities-ch 11th"]
[Site "Genting Highlands"]
[Date "1998.04.13"]
[Round "6"]
[White "Mirza, Shahzad"]
[Black "Deljou, Rahim"]
[Result "1/2-1/2"]
[WhiteElo "2290"]
[BlackElo "2210"]
[PlyCount "87"]
[EventDate "1998.04.09"]
[EventType "team-swiss"]
[EventRounds "9"]
[EventCountry "MAS"]
[SourceTitle "EXT 2020"]
[Source "ChessBase"]
[SourceDate "2019.10.17"]
[SourceVersion "1"]
[SourceVersionDate "2019.10.17"]
[SourceQuality "1"]
[WhiteTeam "Karachi"]
[BlackTeam "Talesh"]
[WhiteTeamCountry "PAK"]
[BlackTeamCountry "IRI"]

1. d4 Nf6 2. c4 c5 3. d5 b5 4. cxb5 a6 5. bxa6 Bxa6 6. Nc3 d6 7. Nf3 g6 8. g3 Bg7 9. Bg2 0-0 10. 0-0 Nbd7 11. Re1 Qa5 12. h3 Rfb8 13. Qc2 Ne8 14. Bd2 c4 15. Rab1 Nc7 16. Qe4 Kf8 17. Nd4 Bb7 18. Red1 Qa6 19. Bg5 Nf6 20. Qh4 Ncxd5 21. Nxd5 Bxd5 22. e4 Bb7 23. a3 Kg8 24. Bd2 e5 25. Nc2 h6 26. Nb4 Qb6 27. Be3 Qd8 28. Bxh6 Bxh6 29. Qxh6 Bxe4 30. Bxe4 Nxe4 31. Qe3 f5 32. Nc6 Qb6 33. Nxb8 Qxe3 34. fxe3 Rxb8 35. Rbc1 Rc8 36. Kg2 Kf7 37. Rd5 Ke6 38. Rb5 d5 39. Rb6+ Nd6 40. Kf3 d4 41. exd4 exd4 42. Re1+ Kd5 43. Re7 Ne4 44. Rb5+ 1/2-1/2

[Event "Asia Cities-ch 11th"]
[Site "Genting Highlands"]
[Date "1998.04.11"]
[Round "5"]
[White "Mok, Tze Meng"]
[Black "Mirza, Shahzad"]
[Result "1-0"]
[WhiteElo "2260"]
[BlackElo "2290"]
[PlyCount "107"]
[EventDate "1998.04.09"]
[EventType "team-swiss"]
[EventRounds "9"]
[EventCountry "MAS"]
[SourceTitle "EXT 2020"]
[Source "ChessBase"]
[SourceDate "2019.10.17"]
[SourceVersion "1"]
[SourceVersionDate "2019.10.17"]
[SourceQuality "1"]
[WhiteTeam "Kuala Lumpur"]
[BlackTeam "Karachi"]
[WhiteTeamCountry "MAS"]
[BlackTeamCountry "PAK"]

1. e4 c5 2. Nf3 e6 3. d4 cxd4 4. Nxd4 a6 5. Nc3 Qc7 6. g3 b5 7. Bg2 Bb7 8. 0-0 d6 9. Re1 Be7 10. a4 b4 11. Nd5 exd5 12. exd5 Bc8 13. Bg5 h6 14. Qh5 Kf8 15. Bxe7+ Nxe7 16. Ne6+ fxe6 17. dxe6 Nec6 18. Bd5 Qe7 19. Qf3+ Qf6 20. e7+ Nxe7 21. Qxf6+ gxf6 22. Bxa8 Kf7 23. Rad1 Rd8 24. Re4 Nbc6 25. Rc4 Ne5 26. Rxb4 Bg4 27. f3 Nxf3+ 28. Bxf3 Bxf3 29. Rd3 Bc6 30. b3 Ke6 31. Rb6 Be4 32. Re3 f5 33. c4 Ra8 34. a5 h5 35. Kf2 Ke5 36. Re2 d5 37. Rb7 Nc6 38. cxd5 Nxa5 39. Rb6 Kxd5 40. Ra2 Kc5 41. Rh6 Kb5 42. Rxh5 Nxb3 43. g4 Nc1 44. Ra1 Nd3+ 45. Ke3 Nb4 46. gxf5 Nc2+ 47. Kxe4 Nxa1 48. f6+ Kc6 49. Ke5 Nb3 50. f7 Nc5 51. Kf6 Kd6 52. Rh4 Nd7+ 53. Kg7 a5 54. Re4 1-0

[Event "Olympiad-29"]
[Site "Novi Sad"]
[Date "1990.11.30"]
[Round "12"]
[White "Nishimura, Hiroyuki"]
[Black "Mirza, Shahzad"]
[Result "1-0"]
[WhiteElo "2205"]
[BlackElo "2275"]
[PlyCount "127"]
[EventDate "1990.11.17"]
[EventType "team-swiss"]
[EventRounds "14"]
[EventCountry "YUG"]
[SourceTitle "EXT 2019"]
[Source "ChessBase"]
[SourceDate "2018.10.10"]
[SourceVersion "1"]
[SourceVersionDate "2018.10.10"]
[SourceQuality "1"]
[WhiteTeam "Japan"]
[BlackTeam "Pakistan"]
[WhiteTeamCountry "JPN"]
[BlackTeamCountry "PAK"]

1. e4 c5 2. Nf3 d6 3. Bb5+ Nc6 4. d4 cxd4 5. Qxd4 Bd7 6. Bxc6 Bxc6 7. 0-0 Nf6 8. Re1 g6 9. c4 Bg7 10. Nc3 0-0 11. Qd3 a6 12. Bg5 Re8 13. Nd5 Nd7 14. Qd2 Nc5 15. Rad1 Ne6 16. Bh6 Bh8 17. Ng5 b5 18. cxb5 axb5 19. Nxe6 fxe6 20. Nb4 Qb6 21. Qc2 Rac8 22. Qb3 Bd7 23. e5 Bg7 24. Bxg7 Kxg7 25. Qd3 d5 26. Qd4 Qxd4 27. Rxd4 Rc4 28. Red1 Rec8 29. Kf1 g5 30. Ke2 Be8 31. g4 Bg6 32. a3 h5 33. h3 hxg4 34. hxg4 Rh8 35. Rxc4 bxc4 36. Nc6 Kf7 37. Nd4 Be4 38. Ke3 Rb8 39. Rd2 Rb6 40. f3 Bd3 41. Rh2 Ra6 42. Kd2 Ra8 43. Kc3 Bg6 44. Nb5 Rb8 45. a4 Kg7 46. Nd4 Rb6 47. a5 Ra6 48. Kb4 Be8 49. Rh1 Bd7 50. Rh5 Be8 51. Rxg5+ Kh7 52. f4 Bd7 53. Rh5+ Kg7 54. Rh1 Ra8 55. Ra1 Bc8 56. Kc5 Rb8 57. Ra2 Kf7 58. a6 Bxa6 59. Rxa6 Rxb2 60. Rxe6 Rf2 61. f5 Rf4 62. Rg6 c3 63. Ne6 c2 64. Rg7+ 1-0

[Event "Olympiad-29"]
[Site "Novi Sad"]
[Date "1990.11.27"]
[Round "10"]
[White "Mirza, Shahzad"]
[Black "Godena, Michele"]
[Result "1-0"]
[WhiteElo "2275"]
[BlackElo "2405"]
[PlyCount "123"]
[EventDate "1990.11.17"]
[EventType "team-swiss"]
[EventRounds "14"]
[EventCountry "YUG"]
[SourceTitle "EXT 2019"]
[Source "ChessBase"]
[SourceDate "2018.10.10"]
[SourceVersion "1"]
[SourceVersionDate "2018.10.10"]
[SourceQuality "1"]
[WhiteTeam "Pakistan"]
[BlackTeam "Italy"]
[WhiteTeamCountry "PAK"]
[BlackTeamCountry "ITA"]

1. d4 d5 2. Nf3 Nc6 3. Bf4 Bg4 4. e3 e6 5. Nbd2 Bd6 6. Bb5 Bxf4 7. exf4 Qd6 8. g3 Qb4 9. Bxc6+ bxc6 10. Qc1 Bxf3 11. c3 Qb5 12. Nxf3 Rb8 13. Rb1 Nf6 14. Qc2 Ne4 15. Nd2 Nxd2 16. Qxd2 0-0 17. Qe2 c5 18. Qxb5 Rxb5 19. dxc5 Rfb8 20. b4 Rxc5 21. Kd2 Rc6 22. a3 Kf8 23. Rhe1 g6 24. Rbd1 Ra6 25. Ra1 c5 26. Reb1 c4 27. a4 Ke7 28. Ke3 Kd6 29. Rd1 Rc6 30. Rd4 Rc7 31. Rad1 f6 32. g4 a5 33. b5 Rc5 34. h4 e5 35. R4d2 Re8 36. Kf3 Rd8 37. g5 fxg5 38. fxe5+ Kxe5 39. hxg5 Rc7 40. Kg4 Rf7 41. Re1+ Kd6 42. f4 Rdf8 43. Rd4 Rf5 44. Kg3 Kd7 45. Red1 Ke6 46. Rh1 R8f7 47. Re1+ Kd7 48. Red1 Ke6 49. Rb1 Kd6 50. Rbd1 Ke6 51. R1d2 Rf8 52. Re2+ Kd6 53. Ree4 Kd7 54. Rd2 Rc8 55. Re3 Rcf8 56. Re4 Rc8 57. Kf3 Kd6 58. Ke3 Rc7 59. Re8 Kc5 60. Re6 Rff7 61. Kf3 Rf5 62. Rb2 1-0

[Event "Olympiad-29"]
[Site "Novi Sad"]
[Date "1990.11.26"]
[Round "9"]
[White "Mirza, Shahzad"]
[Black "Charpentier Morales, William"]
[Result "1-0"]
[WhiteElo "2275"]
[BlackElo "2300"]
[PlyCount "67"]
[EventDate "1990.11.17"]
[EventType "team-swiss"]
[EventRounds "14"]
[EventCountry "YUG"]
[SourceTitle "EXT 2019"]
[Source "ChessBase"]
[SourceDate "2018.10.10"]
[SourceVersion "1"]
[SourceVersionDate "2018.10.10"]
[SourceQuality "1"]
[WhiteTeam "Pakistan"]
[BlackTeam "Costa Rica"]
[WhiteTeamCountry "PAK"]
[BlackTeamCountry "CRI"]

1. d4 d5 2. Nf3 e6 3. c4 c5 4. cxd5 exd5 5. g3 Nc6 6. Bg2 Nf6 7. 0-0 Bg4 8. Be3 cxd4 9. Nxd4 Be7 10. Nc3 0-0 11. Nb3 Be6 12. Rc1 Re8 13. Nb5 a6 14. N5d4 Bd7 15. Nc5 Bxc5 16. Rxc5 Ne4 17. Rxd5 Qc8 18. Qb1 Nf6 19. Rc5 Ng4 20. Bf4 Qd8 21. Nxc6 bxc6 22. Rxc6 Bxc6 23. Bxc6 Rxe2 24. Bf3 Nxf2 25. Bxe2 Nh3+ 26. Kg2 Nxf4+ 27. Rxf4 Rc8 28. Qf5 Qe8 29. Bxa6 Rc7 30. Qe4 Re7 31. Qd5 Re5 32. Qb7 Rc5 33. Rf2 g6 34. b3 1-0

[Event "Olympiad-29"]
[Site "Novi Sad"]
[Date "1990.11.23"]
[Round "6"]
[White "Ostenstad, Berge"]
[Black "Mirza, Shahzad"]
[Result "1-0"]
[WhiteElo "2425"]
[BlackElo "2275"]
[PlyCount "121"]
[EventDate "1990.11.17"]
[EventType "team-swiss"]
[EventRounds "14"]
[EventCountry "YUG"]
[SourceTitle "EXT 2019"]
[Source "ChessBase"]
[SourceDate "2018.10.10"]
[SourceVersion "1"]
[SourceVersionDate "2018.10.10"]
[SourceQuality "1"]
[WhiteTeam "Norway"]
[BlackTeam "Pakistan"]
[WhiteTeamCountry "NOR"]
[BlackTeamCountry "PAK"]

1. Nf3 Nf6 2. c4 e6 3. Nc3 d5 4. d4 Be7 5. Bf4 0-0 6. e3 Nbd7 7. Qc2 a6 8. cxd5 exd5 9. 0-0-0 b5 10. Ne5 Bb7 11. Bd3 Rc8 12. Nxd7 Nxd7 13. Bxh7+ Kh8 14. Bf5 c5 15. Kb1 g6 16. Bxd7 Qxd7 17. dxc5 Rxc5 18. Be5+ Kg8 19. Bd4 Rc4 20. Qd3 b4 21. Ne2 a5 22. Ng3 Ba6 23. Qd2 Rfc8 24. h4 Rc2 25. Qxc2 Rxc2 26. Kxc2 Qa4+ 27. Kb1 b3 28. a3 Bc4 29. h5 Qb5 30. Bc3 Bd3+ 31. Ka1 Bc2 32. Rd4 Bf6 33. Re1 Bxd4 34. Bxd4 Qd3 35. hxg6 fxg6 36. Ne2 Qe4 37. f3 Qh4 38. Bc3 Qf2 39. Nf4 g5 40. Nxd5 Qxg2 41. Nf6+ Kf8 42. Nd7+ Ke7 43. Ne5 a4 44. Nc6+ Ke8 45. Nd4 Bg6 46. e4 g4 47. fxg4 Bxe4 48. Ne6 Qxg4 49. Nc5 Kd8 50. Nxe4 Kc7 51. Bb4 Kc6 52. Nc3 Qg3 53. Nxa4 Kb5 54. Nc3+ Kc4 55. Ne4 Qh4 56. Nd2+ Kd3 57. Nxb3 Kc2 58. Ka2 Qf6 59. Rc1+ Kd3 60. Nc5+ Ke2 61. Re1+ 1-0

[Event "Olympiad-28"]
[Site "Thessaloniki"]
[Date "1988.11.23"]
[Round "10"]
[White "Mirza, Shahzad"]
[Black "Santa Torres, Luis A"]
[Result "1/2-1/2"]
[WhiteElo "2320"]
[BlackElo "2210"]
[PlyCount "96"]
[EventDate "1988.11.13"]
[EventType "team-swiss"]
[EventRounds "14"]
[EventCountry "GRE"]
[SourceTitle "TD"]
[Source "ChessBase"]
[SourceDate "1994.03.01"]
[SourceVersion "1"]
[SourceVersionDate "1994.03.01"]
[SourceQuality "1"]
[WhiteTeam "Pakistan"]
[BlackTeam "Puerto Rico"]
[WhiteTeamCountry "PAK"]
[BlackTeamCountry "PUR"]

1. d4 f5 2. c4 Nf6 3. g3 e6 4. Bg2 d5 5. Nf3 c6 6. 0-0 Bd6 7. Qc2 0-0 8. a3 a5 9. Nc3 Bd7 10. c5 Bc7 11. Rb1 Be8 12. b4 axb4 13. Rxb4 b5 14. cxb6 Bxb6 15. Na4 Ba5 16. Rb1 Ne4 17. Nc5 Nxc5 18. Qxc5 Na6 19. Qc2 c5 20. dxc5 Rc8 21. Bg5 Qc7 22. c6 Qxc6 23. Qxc6 Bxc6 24. Ne5 Ba8 25. Rfc1 Rc7 26. Rxc7 Bxc7 27. Nd3 Rb8 28. Rc1 Bd6 29. Bf4 Bxf4 30. gxf4 Bb7 31. Kf1 Rc8 32. Rb1 Nc5 33. Bxd5 Bxd5 34. Rc1 Ra8 35. Rxc5 Rxa3 36. Rc8+ Kf7 37. Ne5+ Kf6 38. Rf8+ Ke7 39. Rf7+ Kd6 40. f3 Ra1+ 41. Kf2 Rh1 42. Kg2 Re1 43. Rd7+ Kc5 44. Rxg7 Rxe2+ 45. Kg3 h6 46. Rh7 Kd4 47. Rxh6 Ke3 48. h4 Re1 1/2-1/2

[Event "Olympiad-28"]
[Site "Thessaloniki"]
[Date "1988.11.22"]
[Round "9"]
[White "Van Riemsdijk, Herman Claudius"]
[Black "Mirza, Shahzad"]
[Result "0-1"]
[WhiteElo "2375"]
[BlackElo "2320"]
[PlyCount "48"]
[EventDate "1988.11.13"]
[EventType "team-swiss"]
[EventRounds "14"]
[EventCountry "GRE"]
[SourceTitle "TD"]
[Source "ChessBase"]
[SourceDate "1994.03.01"]
[SourceVersion "1"]
[SourceVersionDate "1994.03.01"]
[SourceQuality "1"]
[WhiteTeam "Brazil"]
[BlackTeam "Pakistan"]
[WhiteTeamCountry "BRA"]
[BlackTeamCountry "PAK"]

1. e4 e5 2. Nf3 Nf6 3. d4 Nxe4 4. Bd3 d5 5. Nxe5 Be7 6. Nc3 Nxc3 7. bxc3 0-0 8. Qh5 g6 9. Qh6 Bf6 10. 0-0 Nc6 11. Nxc6 bxc6 12. Re1 c5 13. Ba3 Bg5 14. Qxf8+ Kxf8 15. Bxc5+ Kg8 16. Re2 Be6 17. Bb5 a5 18. Rae1 Rb8 19. Bc6 Bf4 20. g3 Bd6 21. Ba7 Ra8 22. Bxa8 Qxa8 23. Bc5 Bxc5 24. dxc5 Qc6 0-1

[Event "Olympiad-28"]
[Site "Thessaloniki"]
[Date "1988.11.19"]
[Round "6"]
[White "Hon Kah Seng, Christie"]
[Black "Mirza, Shahzad"]
[Result "0-1"]
[WhiteElo "2235"]
[BlackElo "2320"]
[PlyCount "114"]
[EventDate "1988.11.13"]
[EventType "team-swiss"]
[EventRounds "14"]
[EventCountry "GRE"]
[SourceTitle "TD"]
[Source "ChessBase"]
[SourceDate "1994.03.01"]
[SourceVersion "1"]
[SourceVersionDate "1994.03.01"]
[SourceQuality "1"]
[WhiteTeam "Malaysia"]
[BlackTeam "Pakistan"]
[WhiteTeamCountry "MAS"]
[BlackTeamCountry "PAK"]

1. f4 d5 2. Nf3 c5 3. e3 g6 4. g3 Bg7 5. Bg2 Nf6 6. 0-0 0-0 7. d3 Nc6 8. Qe2 Bf5 9. h3 h5 10. Nh4 Bd7 11. Nd2 Qc7 12. c3 e5 13. f5 g5 14. Nhf3 Bh6 15. e4 dxe4 16. Nxe4 Nxe4 17. dxe4 f6 18. Qc4+ Rf7 19. Qxc5 Bf8 20. Qf2 Na5 21. Kh1 Nc4 22. Re1 Bc5 23. Qc2 Qb6 24. Bf1 Nd6 25. Kg2 a5 26. Nd2 Qc6 27. Kh2 h4 28. g4 Bf2 29. Re2 Bg3+ 30. Kg1 Rc8 31. Bg2 Qc5+ 32. Kh1 Bb5 33. Nb3 Qb6 34. Be3 Qa6 35. Rd2 Nc4 36. Bg1 Nxd2 37. Nxd2 a4 38. Nf1 Bf4 39. Ne3 Bxe3 40. Bxe3 Rd7 41. Rc1 Bd3 42. Qf2 Qc4 43. Bxg5 fxg5 44. Qe3 Rg7 45. b3 Qa6 46. c4 Rd8 47. Rd1 Qd6 48. Kh2 Qd4 49. Qe1 axb3 50. axb3 Qb2 51. f6 Rf7 52. Qe3 Rxf6 53. Rd2 Qd4 54. Qxg5+ Kf7 55. Qxh4 Qe3 56. Qh7+ Ke6 57. Ra2 Bb1 0-1

[Event "Asia-chT fin 07th"]
[Site "Singapore"]
[Date "1987.08.12"]
[Round "8"]
[White "Mirza, Shahzad"]
[Black "Handoko, Edhi"]
[Result "0-1"]
[WhiteElo "2340"]
[BlackElo "2375"]
[PlyCount "68"]
[EventDate "1987.08.05"]
[EventType "team-tourn"]
[EventRounds "9"]
[EventCountry "SIN"]
[SourceTitle "EXT 1997"]
[Source "ChessBase"]
[SourceDate "1996.11.15"]
[SourceVersion "1"]
[SourceVersionDate "1996.11.15"]
[SourceQuality "1"]
[WhiteTeam "Pakistan"]
[BlackTeam "Indonesia"]
[WhiteTeamCountry "PAK"]
[BlackTeamCountry "INA"]

1. d4 Nf6 2. c4 e6 3. Nc3 Bb4 4. e3 b6 5. Nge2 0-0 6. a3 Bxc3+ 7. Nxc3 d5 8. Bd3 Bb7 9. 0-0 Nbd7 10. Qe2 Re8 11. e4 dxe4 12. Nxe4 Nxe4 13. Bxe4 Bxe4 14. Qxe4 e5 15. dxe5 Nxe5 16. Be3 Qc8 17. h3 Ng6 18. Qc6 Re6 19. Qa4 Qb7 20. Rad1 h6 21. Rd4 c5 22. Rd5 Ne7 23. Rd2 Rg6 24. f3 Nf5 25. Bf4 Nd4 26. Kh2 Qe7 27. Kh1 Qe6 28. Qa6 Re8 29. b4 Rf6 30. Bg3 Rxf3 31. Rxf3 Nxf3 32. Rd1 Qg6 33. Bc7 Qc2 34. Rf1 Qf2 0-1

[Event "Asia-chT fin 07th"]
[Site "Singapore"]
[Date "1987.08.07"]
[Round "3"]
[White "Hegde, Ravi Gopal"]
[Black "Mirza, Shahzad"]
[Result "1-0"]
[WhiteElo "2345"]
[BlackElo "2340"]
[PlyCount "65"]
[EventDate "1987.08.05"]
[EventType "team-tourn"]
[EventRounds "9"]
[EventCountry "SIN"]
[SourceTitle "EXT 1997"]
[Source "ChessBase"]
[SourceDate "1996.11.15"]
[SourceVersion "1"]
[SourceVersionDate "1996.11.15"]
[SourceQuality "1"]
[WhiteTeam "India"]
[BlackTeam "Pakistan"]
[WhiteTeamCountry "IND"]
[BlackTeamCountry "PAK"]

1. d4 Nf6 2. c4 e6 3. g3 c5 4. d5 exd5 5. cxd5 d6 6. Bg2 g6 7. b3 Bg7 8. Bb2 0-0 9. Nf3 b5 10. a4 bxa4 11. Rxa4 Nbd7 12. Nc3 Nb6 13. Ra2 Bb7 14. 0-0 Qe7 15. Nh4 Ng4 16. e4 Nh6 17. Qd2 Rfb8 18. Rfa1 Bc8 19. h3 a6 20. Kh2 Nd7 21. Qc2 Ra7 22. Nd1 f6 23. Ne3 Rab7 24. Ra3 Nf8 25. Nc4 Rb5 26. Bc3 f5 27. Bxg7 Kxg7 28. Qc3+ Kg8 29. Re1 fxe4 30. Rxe4 Qd8 31. Qe3 Qf6 32. Qxh6 Qxf2 33. Rf4 1-0